A design for a magnetic-wheeled flaw detector platform; Journal of Economics and Social Sciences; № 17

Bibliographic Details
Parent link:Journal of Economics and Social Sciences: electronic scientific journal.— , 2012-.— 2312-2978
№ 17.— 2021.— [7 p.]
Main Author: Terentyev E. V. Evgeny Vladislavovich
Corporate Authors: School of Earth Sciences & Engineering, Tomsk Polytechnic University, Limited Liability Company "Slavneft-Krasnoyarskneftegaz"
Summary:Title screen
A transport platform for an in-tube robotic flaw detector has been developed, which is capable of unrestricted manoeuvring in a complex piping diameter from 300 mm, getting on the wheels after overturning and overcoming vertical obstacles. The absence of an additional mechanism for deactivating the magnetic field in the platform design leaves additional space for technological equipment placement on the platform. The proposed platform is adequately for designing small-sized pipe flaw detectors on its basis, as well as other technological devices used in various National Economy Sectors. The platform capability to turn over on its wheels independently eliminates the emergency situations occurrence during diagnostic work, and kinematics provides unlimited manoeuvring in a complex pipeline manifold.
Language:English
Published: 2021
Series:Социологические науки
Subjects:
Online Access:http://earchive.tpu.ru/handle/11683/64396
Format: Electronic Book Chapter
KOHA link:https://koha.lib.tpu.ru/cgi-bin/koha/opac-detail.pl?biblionumber=586033

MARC

LEADER 00000naa2a2200000 4500
001 586033
005 20231101131335.0
035 |a (RuTPU)RU\TPU\prd\288536 
035 |a RU\TPU\prd\288535 
090 |a 586033 
100 |a 20210208a2021 k y0engy50 ba 
101 0 |a eng 
102 |a RU 
135 |a drcn ---uucaa 
181 0 |a i  
182 0 |a b 
200 1 |a A design for a magnetic-wheeled flaw detector platform  |f E. V. Terentyev 
203 |a Text  |c electronic 
215 |a 1 файл (447 Кб) 
225 1 |a Социологические науки 
230 |a Электронные текстовые данные (1 файл : 447 Кб) 
300 |a Title screen 
320 |a [References: 13 tit.] 
330 |a A transport platform for an in-tube robotic flaw detector has been developed, which is capable of unrestricted manoeuvring in a complex piping diameter from 300 mm, getting on the wheels after overturning and overcoming vertical obstacles. The absence of an additional mechanism for deactivating the magnetic field in the platform design leaves additional space for technological equipment placement on the platform. The proposed platform is adequately for designing small-sized pipe flaw detectors on its basis, as well as other technological devices used in various National Economy Sectors. The platform capability to turn over on its wheels independently eliminates the emergency situations occurrence during diagnostic work, and kinematics provides unlimited manoeuvring in a complex pipeline manifold. 
461 1 |0 (RuTPU)RU\TPU\prd\225573  |x 2312-2978  |t Journal of Economics and Social Sciences  |o electronic scientific journal  |d 2012- 
463 1 |0 (RuTPU)RU\TPU\prd\288534  |t № 17  |v [7 p.]  |d 2021 
610 1 |a труды учёных ТПУ 
610 1 |a электронный ресурс 
610 1 |a main gas pipelines 
610 1 |a flaw detector 
610 1 |a stress-strain state 
610 1 |a diagnostics 
610 1 |a automation 
610 1 |a transportation 
700 1 |a Terentyev  |b E. V.  |c Specialist in the field of material science  |c Engineer of Tomsk Polytechnic University  |f 1985-  |g Evgeny Vladislavovich  |2 stltpush  |3 (RuTPU)RU\TPU\pers\46761 
712 0 2 |a School of Earth Sciences & Engineering, Tomsk Polytechnic University 
712 0 2 |a Limited Liability Company "Slavneft-Krasnoyarskneftegaz" 
801 1 |a RU  |b 63413507  |c 20090623  |g PSBO 
801 2 |a RU  |b 63413507  |c 20210210  |g PSBO 
856 4 0 |u http://earchive.tpu.ru/handle/11683/64396 
942 |c BK